书目信息 |
| 题名: |
高分子材料在纳米给药系统中的应用
|
|
| 作者: | 孙少平 , 梁娜 著 | |
| 分册: | ||
| 出版信息: | 哈尔滨 黑龙江大学出版社 2017.08 |
|
| 页数: | 189页 | |
| 开本: | 26cm | |
| 丛书名: | ||
| 单 册: | ||
| 中图分类: | R452 | |
| 科图分类: | ||
| 主题词: | 高分子材料--纳米技术--应用--投药法 | |
| 电子资源: | ||
| ISBN: | 978-7-5686-0160-3 | |
| 000 | 01078nam0 2200229 450 | |
| 001 | 1201 | |
| 005 | 20180927152811.14 | |
| 010 | @a978-7-5686-0160-3@dCNY39.00 | |
| 100 | @a20180612d2017 em y0chiy50 ea | |
| 101 | 0 | @achi |
| 102 | @aCN@b230000 | |
| 105 | @aa z 000yy | |
| 200 | 1 | @a高分子材料在纳米给药系统中的应用@9gao fen zi cai liao zai na mi gei yao xi tong zhong de ying yong@f孙少平,梁娜著 |
| 210 | @a哈尔滨@c黑龙江大学出版社@d2017.08 | |
| 215 | @a189页@c图@d26cm | |
| 330 | @a本书共7章,涵盖了高分子材料在纳米药物递送系统中应用的各个方面。其中前5章对纳米技术与纳米药物递送系统、纳米粒的表征与鉴定、常见的纳米给药系统、高分子材料的基本理论、生物药用高分子材料等进行了全面系统的阐述,第6-7章从实际应用的角度出发,介绍了通过对高分子材料进行一系列结构修饰来实现功能化的方法,并列举了药用高分子材料在蛋白多肽类药物的口服以及抗肿瘤药物的纳米给药系统中的应用。 | |
| 606 | 0 | @a高分子材料@x纳米技术@x应用@x投药法 |
| 690 | @aR452@v5 | |
| 701 | 0 | @a孙少平@9sun shao ping@4著 |
| 701 | 0 | @a梁娜@9liang na@4著 |
| 801 | 0 | @aCN@b91MARC@c20180612 |
| 905 | @aMuseLib@dR452@e121 | |
| 高分子材料在纳米给药系统中的应用/孙少平,梁娜著.-哈尔滨:黑龙江大学出版社,2017.08 |
| 189页:图;26cm |
| ISBN 978-7-5686-0160-3:CNY39.00 |
| 本书共7章,涵盖了高分子材料在纳米药物递送系统中应用的各个方面。其中前5章对纳米技术与纳米药物递送系统、纳米粒的表征与鉴定、常见的纳米给药系统、高分子材料的基本理论、生物药用高分子材料等进行了全面系统的阐述,第6-7章从实际应用的角度出发,介绍了通过对高分子材料进行一系列结构修饰来实现功能化的方法,并列举了药用高分子材料在蛋白多肽类药物的口服以及抗肿瘤药物的纳米给药系统中的应用。 |
| ● |
| 相关链接 |
|
|
|
|
正题名:高分子材料在纳米给药系统中的应用
索取号:R452/121
 
预约/预借
| 序号 | 登录号 | 条形码 | 馆藏地/架位号 | 状态 | 备注 |
| 1 | 1121669 | 211216691 | 第二样本阅览室/ [索取号:R452/121] | 在馆 | |
| 2 | 1121670 | 211216708 | 第三借阅区/ [索取号:R452/121] | 在馆 | |
| 3 | 1121671 | 211216717 | 第三借阅区/ [索取号:R452/121] | 在馆 | |
| 4 | 1121672 | 211216726 | 第三借阅区/ [索取号:R452/121] | 在馆 | |
| 5 | 1121673 | 211216735 | 第三借阅区/ [索取号:R452/121] | 在馆 |